000 00870nam a2200265Ia 4500
003 OSt
005 20220923214031.0
006 a|||||r|||| 00| 0
007 ta
008 220922b |||||||| |||| 00| 0 hin d
024 _a166,640
037 _cTextual
040 _aARTS
_cARTS
_bhin
041 _2hin
_ahin
082 _aO152,1N071w,1, K9;L6.2
100 _aबच्चन, हरिवंशराय
245 0 _aनीड़ का निर्माण फिर
246 _aNīड़ kā nirmāṇ fira
250 _aसंस्क0 4
260 _aदिल्ली
_b एण्ड सन्ज
_c1976
300 _a370पृ.
_ccm.
650 _aहिन्दी साहित्य
_9156264
942 _hO152,1N071w,1, K9;L6.2
_cTEXL
_2CC
999 _c321119
_d321119